01394nab a22002537a 4500999001500000003000400015005001700019008004100036040000700077100002700084245009300111260007300204300001500277500007300292505039000365505008900755650003500844650003200879650001700911650003500928650002400963773014000987942001301127 c6339d6339OSt20260130214539.0190603e xxum|||| |||| 00| 0 spa d cPJ 94506aPadilla, Rodrigo10aResponsabilidad por intervención de cosas y actividades riesgosas /cRodrigo Padilla.  cCiudad Autónoma de Buenos Aires :aThomson Reuters La Ley, b2025. ap. 189-200 aCita: TR LALEY AR/DOC/2272/2025 Publicado en: RCCyC 2025 (Octubre). aSumario: I. Cuestiones generales previas: la imputabilidad objetiva.— II. El originario art. 1113 del Código de Vélez. La reforma producida por ley 17.711.— III. El nuevo Cód. Civ. y Com. Arts. 1757 y 1758.— IV. La responsabilidad por riesgo y vicio de las cosas.— V. La responsabilidad por actividades riesgosas.— VI. Los sujetos responsables. Las causales eximentes.  t¿Te interesa el texto completo? Solicitalo al correo: koha@justierradelfuego.gov.ar 091497aCODIGO CIVIL Y COMERCIAL 091467aRESPONSABILIDAD CIVIL 093331aDAÑO 093451aRESPONSABILIDAD OBJETIVA 0aCOSA RIESGOSA935770 0271393170dCiudad Autónoma de Buenos Aires : Thomson Reuters La Ley, 2015-tRevista Código Civil y Comercial. Nº 5 - Octubre 2025 2udccANA